La fascinación del comunismo: una investigación sistemática
Guardat en:
| Autor principal: | |
|---|---|
| Format: | Llibre |
| Idioma: | espanyol |
| Publicat: |
Santiago
Andrés Bello
1983
|
| Matèries: | |
| Etiquetes: |
Afegir etiqueta
Sense etiquetes, Sigues el primer a etiquetar aquest registre!
|
MARC
| LEADER | 00000cam a2200000 a 4500 | ||
|---|---|---|---|
| 001 | UCR4343 | ||
| 003 | CL-VaPUC | ||
| 008 | 980307e19830000CL |||||||||||||||||spa|d | ||
| 082 | 0 | 4 | |a 320.532 |b LOW |2 21 |
| 100 | |a Löw, Konrad |e autor |9 587367 | ||
| 245 | 1 | 3 | |a La fascinación del comunismo: una investigación sistemática |
| 300 | |a 228 p | ||
| 942 | |c BK | ||
| 945 | |d 19980307 00:00:00 |a aolguin | ||
| 260 | |a Santiago |b Andrés Bello |c 1983 | ||
| 650 | 0 | |a Comunismo |9 255588 | |
| 650 | 7 | |a MARXISMO |2 CL-VaPUC |9 404285 | |
| 650 | 0 | |a Utopías |9 255961 | |
| 650 | 0 | |a Ideologías |9 255200 | |
| 583 | |a last modification |c 20151113 09:52:49 |k Rodrigo Vera | ||
| 999 | |c 267286 |d 267284 | ||
| 952 | |0 0 |1 0 |4 0 |6 320_532000000000000_LOW_1983 |7 0 |8 P |9 299552 |a BIBDER |b BIBDER |d 2019-11-20 |i 1953001 |o 320.532 LOW 1983 |p 1953001 |r 2023-01-25 |w 2019-11-20 |y BK |k DER | ||
| 952 | |0 0 |1 0 |4 0 |6 320_532000000000000_LOW_1983 |7 0 |8 A |9 299553 |a BIBHIS |b BIBHIS |d 2019-11-20 |i 1332732 |o 320.532 LOW 1983 |p 1332732 |r 2025-01-20 |w 2019-11-20 |y BK |k HIS | ||
| 952 | |0 0 |1 0 |3 erb |4 0 |6 320_532000000000000_LOW_1983 |7 0 |8 A |9 299554 |a BIBHIS |b BIBHIS |i 521260K |o 320.532 LOW 1983 |p 521260K |r 2025-01-20 |w 2019-11-20 |y BK |z Catalogado en:20151120 |k HIS | ||